000 01730nam a2200313Ia 4500
999 _c3446
_d3446
003 OSt
005 20200327101300.0
008 191128s2015 ck a gr 000 0dspa d
020 _a9789587171723
040 _aCO-JMCR
_cCO-JMCR
082 0 4 _a025.42 /
_bG146c
100 1 _aGalarza Pinzón, Mauricio Andrés,
_eautor
_92009
245 1 0 _aClasificación documental :
_bguía práctica para las entidades del Distrito Capital /
_cMauricio Andrés Galarza Pinzón, William Javier Patarroyo Baquero
260 _aBogotá :
_bSecretaría General Alcaldía Mayor de Bogotá,
_c2015
300 _a43 páginas :
_bilustraciones a color ;
_c28 cm.
440 _aInstrumentos técnicos
_92010
490 0 _aInstrumentos técnicos
504 _aIncluye bibliografía.
505 _aEl concepto de clasificación documental -- Elementos para la clasificación documental -- Qué debo hacer para clasificar -- Cómo identificar y denominar una agrupación documental -- El cuadro de clasificación documental -- Guías para gestión normalizada de
520 _aEste título forma parte de la colección instrumentos técnicos que el Archivo de Bogotá viene publicando y a la que también pertenecen la "Guía metodológica para la investigación de historias institucionales", " Guía de gestión documental por procesos"
546 _aspa
650 1 4 _aClasificación de archivos
_92011
650 2 4 _aOrganización de archivos de oficina
_92012
650 2 4 _aAnálisis documental
_92013
650 2 4 _aSistemas de almacenamiento y recuperación de información
_x Documentación
_92014
700 1 _a Patarroyo Baquero, William Javier,
_eautor
_92015
799 _aPatarroyo Baquero, William Javier, autor
942 _2ddc
_cBK